Presidenti della Regione Lombardia - Statistics

Statistiche generali
  • Questo quiz è stato fatto 28 volte
  • Il punteggio medio è 5 su 10
Statistiche sulle risposte
Anni Presidente della Regione % Corretto
2018- Attilio Fontana
100%
2013-2018 Roberto Maroni
77%
1995-2013 Roberto Formigoni
69%
1987-1989 Bruno Tabacci
38%
1970-1974 Piero Bassetti
35%
1974-1979 Cesare Golfari
31%
1992-1994 Fiorella Ghilardotti
31%
1989-1992 Giuseppe Giovenzana
31%
1979-1987 Giuseppe Guzzetti
31%
1994-1995 Paolo Arrigoni
31%
Nessun quiz corrispondente trovato
Distribuzione punteggi
Percentuale di utenti per punteggio
Percentile per numero di risposta
I tuoi punteggi nel tempo
Non hai fatto questo quiz